000 00523nam a22001457a 4500
003 OSt
005 20201013143618.0
008 201013b 1983 pr 00| 0 eng d
040 _aDO-SdBNP
_bspa
_cBNPHU
100 1 _aHumberto López Morales
_976866
245 _aAugusto Malaret, diccionarista
_cdiscurso de incorporacion de Humberto López Morales a la Academia de Artes y Ciencias de Puerto Rico.
260 _aSan Juan :
_bAcademia de Ciencias y Artes de Puerto Rico,
_c1983.
300 _a65 p. ;
_c32 cm
942 _2ddc
_cLBS1
999 _c48870
_d48870